| 000 -LEADER |
| fixed length control field |
01973cas a2200505 a 4500 |
| 001 - CONTROL NUMBER |
| control field |
11486741 |
| 003 - CONTROL NUMBER IDENTIFIER |
| control field |
NUST |
| 005 - DATE AND TIME OF LATEST TRANSACTION |
| control field |
20200308150922.0 |
| 008 - FIXED-LENGTH DATA ELEMENTS--GENERAL INFORMATION |
| fixed length control field |
950427c19949999ohuar p 0 a0eng c |
| 010 ## - LIBRARY OF CONGRESS CONTROL NUMBER |
| LC control number |
97652972 |
| Canceled/invalid LC control number |
sn 95029086 |
| 022 0# - INTERNATIONAL STANDARD SERIAL NUMBER |
| International Standard Serial Number |
2469-6293 |
| Source |
1 |
| 035 ## - SYSTEM CONTROL NUMBER |
| System control number |
(OCoLC)ocm32374705 |
| 037 ## - SOURCE OF ACQUISITION |
| Source of stock number/acquisition |
Kettering Foundation, 200 Common Road, Dayton, OH 45459-2799 |
| 038 ## - RECORD CONTENT LICENSOR |
| Staff Name |
ATTAULLAH |
| 040 ## - CATALOGING SOURCE |
| Original cataloging agency |
OHI |
| Language of cataloging |
eng |
| Transcribing agency |
OHI |
| Modifying agency |
GUA |
| -- |
IUL |
| -- |
DLC |
| -- |
OCLCQ |
| -- |
IUL |
| -- |
OCLCQ |
| -- |
OCLCA |
| -- |
OCLCF |
| -- |
DLC |
| -- |
OCLCO |
| -- |
DLC |
| -- |
NJR |
| 042 ## - AUTHENTICATION CODE |
| Authentication code |
pcc |
| -- |
nsdp |
| 043 ## - GEOGRAPHIC AREA CODE |
| Geographic area code |
n-us--- |
| 050 00 - LIBRARY OF CONGRESS CALL NUMBER |
| Classification number |
LC89 |
| Item number |
.H54 |
| 082 10 - DEWEY DECIMAL CLASSIFICATION NUMBER |
| Classification number |
378 |
| Edition number |
23 |
| 130 0# - MAIN ENTRY--UNIFORM TITLE |
| Uniform title |
Higher education exchange (Dayton, Ohio) |
| 9 (RLIN) |
26552 |
| 222 #0 - KEY TITLE |
| Key title |
Higher education exchange |
| Qualifying information |
(Dayton) |
| 245 10 - TITLE STATEMENT |
| Title |
Higher education exchange. |
| 246 13 - VARYING FORM OF TITLE |
| Title proper/short title |
Exchange |
| 260 ## - PUBLICATION, DISTRIBUTION, ETC. |
| Place of publication, distribution, etc. |
Dayton, Ohio : |
| Name of publisher, distributor, etc. |
Kettering Foundation, |
| Date of publication, distribution, etc. |
c1994- |
| 300 ## - PHYSICAL DESCRIPTION |
| Extent |
v. : |
| Other physical details |
ill. ; |
| Dimensions |
26 cm. |
| 310 ## - CURRENT PUBLICATION FREQUENCY |
| Current publication frequency |
Annual |
| 362 0# - DATES OF PUBLICATION AND/OR SEQUENTIAL DESIGNATION |
| Dates of publication and/or sequential designation |
1994- |
| 500 ## - GENERAL NOTE |
| General note |
Editor: David W. Brown. |
| 588 ## - SOURCE OF DESCRIPTION NOTE |
| Source of description note |
Latest issue consulted: 2014 |
| 590 ## - LOCAL NOTE (RLIN) |
| Local note |
SERBIB/SERLOC merged record |
| 650 #0 - SUBJECT ADDED ENTRY--TOPICAL TERM |
| Topical term or geographic name entry element |
Education, Higher |
| Geographic subdivision |
United States |
| Form subdivision |
Periodicals. |
| 9 (RLIN) |
28835 |
| 650 #0 - SUBJECT ADDED ENTRY--TOPICAL TERM |
| Topical term or geographic name entry element |
Education, Higher |
| General subdivision |
Philosophy |
| Form subdivision |
Periodicals. |
| 9 (RLIN) |
28836 |
| 650 #0 - SUBJECT ADDED ENTRY--TOPICAL TERM |
| Topical term or geographic name entry element |
Education, Higher |
| General subdivision |
Political aspects |
| Geographic subdivision |
United States |
| Form subdivision |
Periodicals. |
| 9 (RLIN) |
28837 |
| 650 #7 - SUBJECT ADDED ENTRY--TOPICAL TERM |
| Topical term or geographic name entry element |
Education, Higher. |
| Source of heading or term |
fast |
| Authority record control number or standard number |
(OCoLC)fst00903005 |
| 9 (RLIN) |
26556 |
| 650 #7 - SUBJECT ADDED ENTRY--TOPICAL TERM |
| Topical term or geographic name entry element |
Education, Higher |
| General subdivision |
Philosophy. |
| Source of heading or term |
fast |
| Authority record control number or standard number |
(OCoLC)fst00903083 |
| 9 (RLIN) |
28838 |
| 650 #7 - SUBJECT ADDED ENTRY--TOPICAL TERM |
| Topical term or geographic name entry element |
Education, Higher |
| General subdivision |
Political aspects. |
| Source of heading or term |
fast |
| Authority record control number or standard number |
(OCoLC)fst00903087 |
| 9 (RLIN) |
28839 |
| 651 #7 - SUBJECT ADDED ENTRY--GEOGRAPHIC NAME |
| Geographic name |
United States. |
| Source of heading or term |
fast |
| Authority record control number or standard number |
(OCoLC)fst01204155 |
| 9 (RLIN) |
26559 |
| 655 #7 - INDEX TERM--GENRE/FORM |
| Genre/form data or focus term |
Periodicals. |
| Source of term |
fast |
| Authority record control number |
(OCoLC)fst01411641 |
| 9 (RLIN) |
26560 |
| 700 1# - ADDED ENTRY--PERSONAL NAME |
| Personal name |
Brown, David W., |
| Dates associated with a name |
1937 August 16- |
| 9 (RLIN) |
26561 |
| 710 2# - ADDED ENTRY--CORPORATE NAME |
| Corporate name or jurisdiction name as entry element |
Charles F. Kettering Foundation. |
| 9 (RLIN) |
26562 |
| 776 08 - ADDITIONAL PHYSICAL FORM ENTRY |
| Relationship information |
Online version: |
| Title |
Higher education exchange (Dayton, Ohio) |
| International Standard Serial Number |
2471-2280 |
| Record control number |
(DLC) 2016200270 |
| -- |
(OCoLC)942758104 |
| 906 ## - LOCAL DATA ELEMENT F, LDF (RLIN) |
| a |
7 |
| b |
cbc |
| c |
serials |
| d |
2 |
| e |
ncip |
| f |
19 |
| g |
n-oclcserc |
| 942 ## - ADDED ENTRY ELEMENTS (KOHA) |
| Source of classification or shelving scheme |
|
| Koha item type |
Continuing Resources |